000 00465nam a2200169Ia 4500
999 _c20460
_d20460
003 OSt
005 20200623142256.0
008 190216s9999||||xx |||||||||||||| ||und||
040 _coclc
082 _a954
_bWHE/I
100 _aWheeler, Mortimer
_93142
245 4 _aThe Indus Civilization /
_cMortimer Wheeler
250 _a3rd Ed.
260 _bCambridge Uty Press,
_c1968.
300 _a137p
942 _cBK
_2ddc
_h954
_iWHE/I
_k954
_mWHE/I